Losowe słówka po angielsku - Statystyki

Ogólne statystyki
  • Ten quiz został rozwiązany 64 razy
  • Średni wynik to 10 z 25
Statystyki odpowiedzi
Hint Odpowiedź % Poprawnych
podpisać/znak sign
70%
złodziej thief
70%
rejestrować register
68%
wyjaśnić explain
62%
turniej tournament
60%
opisać describe
55%
reklama advertisement
53%
karać punish
47%
nad above
45%
pamiątka souvenir
45%
narzekać complain
43%
nagłówek headline
38%
przygotowania preparation
36%
zawierać include
34%
wzór pattern
34%
uczęszczać attend
32%
korzyść benefit
32%
otrzymać receive
30%
tajemnica mystery
26%
nagradzać reward
25%
zawstydzający embarassing
23%
wymagać require
21%
dostarczać provide
15%
zawierać notice
4%
zmieniać replace
4%
Nie znaleziono quizów pasujących do podanych kryteriów
Rozkład punktacji
Procent ludzi z każdym wynikiem
Percentyl według liczby udzielonych odpowiedzi
Twoja historia wyników
Nie rozwiązałeś tego quizu